000 01077nam a2200265 i 4500
001 34794
003 KOSZ 005
005 20200624113907.0
008 061018s1973 pl a f 000 0 pol
035 _a(OCoLC)838894407
040 _aWA N
_cKOSZ 005/KK
_dKOSZ 005/KK
100 1 _aNowacki, Tadeusz
_d(1918-2005)
_eAutor
245 1 0 _aMechanizacja rolnictwa :
_bpodręcznik dla studentów wyższych szkół rolniczych .
_nT. 2 /
_cTadeusz Nowacki.
250 _aWyd. 2 popr. i uzup.
260 _aWarszawa :
_bPaństwowe Wydawnictwo Rolnicze i Leśne,
_c1973
_e(Cieszyn :
_fCieszyńska Drukarnia Wydawnicza).
300 _a280, [4] s. :
_bil. ;
_c24 cm.
380 _aKsiążki.
504 _aBibliogr. przy rozdz.
650 4 _aMaszyny
_xbudowa i konstrukcje.
655 4 _aPodręczniki akademickie
650 4 _aMaszyny i narzędzia rolnicze
710 _aPaństwowe Wydawnictwo Rolnicze i Leśne
_4pbl.
856 _uhttp://koha.tu.koszalin.pl/cgi-bin/koha/opac-detail.pl?biblionumber=34794
_yKatalog online BPK
942 _2UKD
_cKS
999 _c34794
_d34794